000 00718nam a2200241 a 4500
001 2591
005 20140414131912.0
008 040118s19uu xx 00 eng d
020 _a0-590-46192-3
050 _aER
_bW62 1993
100 _aChristensen, Nancy
245 _aWho am I /
_cNancy Christensen ; illustrated by Rowan Barnes-Murphy.
260 _aU.S.A :
_bScholastic,
_c1993.
300 _a1 v. p . : ill. ; cm.
440 _aHello reader
500 _a[TR/PS (2628)]
520 _aRhyming text provides clues about the nature of the animal who is speaking.
650 _aAnimals
_xFiction.
650 _aLiterary recreations.
650 _aStories in rhyme.
999 _c111286
_d111286